00334 a2200121 450000500170000000800410001702000180005804100120007610000120008824500890010026000150018930000080020420241204170132.0241204b |||||||| |||| 00| 0 eng d a9789355516473 aEnglish aJain S. aStartup Masterclassb: Spark Disruptive Change And Lead The Future With Your Startup bBPB c2024 a130